La politique radicale, (Record no. 22713)
[ view plain ]
| 000 -LEADER | |
|---|---|
| fixed length control field | 00796cam a22002291 4500 |
| 001 - CONTROL NUMBER | |
| control field | f 01002088 |
| 003 - CONTROL NUMBER IDENTIFIER | |
| control field | DLC |
| 005 - DATE AND TIME OF LATEST TRANSACTION | |
| control field | 20260227111242.0 |
| 008 - FIXED-LENGTH DATA ELEMENTS--GENERAL INFORMATION | |
| fixed length control field | 801121s1869 fr 000 0 fre |
| 010 ## - LIBRARY OF CONGRESS CONTROL NUMBER | |
| LC control number | f 01002088 |
| 035 ## - SYSTEM CONTROL NUMBER | |
| System control number | (OCoLC)6965625 |
| 040 ## - CATALOGING SOURCE | |
| Original cataloging agency | DLC |
| Transcribing agency | OCl |
| Modifying agency | DLC |
| 042 ## - AUTHENTICATION CODE | |
| Authentication code | premarc |
| 050 00 - LIBRARY OF CONGRESS CALL NUMBER | |
| Classification number | JN2552.1869 |
| Item number | .S5 |
| 100 1# - MAIN ENTRY--PERSONAL NAME | |
| Personal name | Simon, Jules, |
| Dates associated with a name | 1814-1896. |
| 245 13 - TITLE STATEMENT | |
| Title | La politique radicale, |
| Statement of responsibility, etc. | par Jules Simon. |
| 250 ## - EDITION STATEMENT | |
| Edition statement | 3. éd. |
| 260 ## - PUBLICATION, DISTRIBUTION, ETC. | |
| Place of publication, distribution, etc. | Paris, |
| Name of publisher, distributor, etc. | Librairie internationale; [etc., etc.] |
| Date of publication, distribution, etc. | 1869. |
| 300 ## - PHYSICAL DESCRIPTION | |
| Extent | 2 p. l., 396 p. |
| Dimensions | 24 cm. |
| 505 0# - FORMATTED CONTENTS NOTE | |
| Formatted contents note | Préface.--Séparation de l'église et de l'État.--Liberté de la presse.--Abolition des armées permanentes.--Les écoles.--Droit de réunion et d'association. |
| 651 #0 - SUBJECT ADDED ENTRY--GEOGRAPHIC NAME | |
| Geographic name | France |
| General subdivision | Politics and government |
| Chronological subdivision | 1852-1870. |
No items available.